[Event "Battle of Alberta"]
[Site "Red Deer CAN"]
[Date "1997.08.16"]
[Round "1"]
[White "Dartana, Christiaan"]
[Black "Milne, Arthur"]
[Result "1-0"]
[WhiteElo "1945"]
[BlackElo "1605"]
[PlyCount "77"]
[GameId "2160767911932175"]
[EventDate "1997.08.16"]
[EventRounds "2"]
[EventCountry "CAN"]

1. Nf3 d6 2. g3 Bg4 3. Bg2 Nd7 4. O-O Ngf6 5. d3 e6 6. e4 Be7 7. Nbd2 O-O 8. h3 Bxf3 9. Qxf3 d5 10. Qe2 Nb6 11. a4 a5 12. Nb3 Qd7 13. e5 Ne8 14. Qg4 Nc8 15. Be3 f5 16. Qe2 b6 17. Rfd1 Na7 18. c4 Nc6 19. d4 Nb4 20. c5 bxc5 21. Nxc5 Bxc5 22. dxc5 c6 23. f4 Nc7 24. Bd4 Qe7 25. Qf2 Kh8 26. h4 Rab8 27. Bf1 Nca6 28. Rd2 Rb7 29. Be2 g6 30. Kg2 Rg8 31. h5 g5 32. fxg5 Qxg5 33. Be3 Qg7 34. Rh1 Nb8 35. Rh4 Qe7 36. g4 fxg4 37. Kg3 Qe8 38. Qf6+ Rbg7 39. h6 1-0

[Event "Battle of Alberta"]
[Site "Red Deer CAN"]
[Date "1997.08.16"]
[Round "1"]
[White "Demers, Chris"]
[Black "Quiring, John"]
[Result "1-0"]
[WhiteElo "2210"]
[BlackElo "1995"]
[PlyCount "43"]
[GameId "2160767911932176"]
[EventDate "1997.08.16"]
[EventRounds "2"]
[EventCountry "CAN"]

1. e4 e5 2. Nc3 Nf6 3. Bc4 Bc5 4. d3 d6 5. Bg5 Be6 6. Nd5 Nbd7 7. Qd2 c6 8. Nxf6+ Nxf6 9. Bb3 h6 10. Bh4 Nxe4 11. Bxd8 Nxd2 12. Bxe6 fxe6 13. Bh4 O-O 14. Kxd2 Bxf2 15. Be7 Rf5 16. Bxd6 Rd8 17. g4 Rf4 18. Bxe5 Rxg4 19. Ne2 c5 20. Raf1 Bh4 21. Rhg1 Bg5+ 22. Bf4 1-0

[Event "Battle of Alberta"]
[Site "Red Deer CAN"]
[Date "1997.08.16"]
[Round "1"]
[White "Fullbrook, Nigel"]
[Black "Ristovic, Nenad"]
[Result "0-1"]
[WhiteElo "2300"]
[BlackElo "2355"]
[PlyCount "50"]
[GameId "2160767911932177"]
[EventDate "1997.08.16"]
[EventRounds "2"]
[EventCountry "CAN"]

1. e4 e6 2. d4 d5 3. e5 c5 4. c3 Qb6 5. Nf3 Nc6 6. Bd3 cxd4 7. cxd4 Bd7 8. Nc3 Nxd4 9. Nxd4 Qxd4 10. O-O a6 11. Re1 Ne7 12. Be3 Qxe5 13. Rc1 Rc8 14. Qf3 Qf6 15. Qg3 h5 16. Bg5 Qd4 17. Ne2 Qb4 18. a3 Qxb2 19. Rb1 Qxa3 20. Rxb7 h4 21. Qf3 Bc6 22. Ra7 d4 23. Qh3 Qa5 24. Rc1 Qxg5 25. Bxa6 Rd8 0-1

[Event "Battle of Alberta"]
[Site "Red Deer CAN"]
[Date "1997.08.16"]
[Round "1"]
[White "Gomboc, Dave"]
[Black "Hughey, Micah"]
[Result "1-0"]
[WhiteElo "2100"]
[BlackElo "1925"]
[PlyCount "77"]
[GameId "2160767911932178"]
[EventDate "1997.08.16"]
[EventRounds "2"]
[EventCountry "CAN"]

1. e4 e5 2. Nf3 Nc6 3. Bb5 a6 4. Ba4 Nf6 5. O-O Nxe4 6. d4 b5 7. Bb3 d5 8. dxe5 Be6 9. Be3 Na5 10. Nd4 c5 11. Nxe6 fxe6 12. c3 Nxb3 13. axb3 Qe7 14. f3 Ng5 15. Bxg5 Qxg5 16. f4 Qg6 17. f5 Qh6 18. c4 Qe3+ 19. Kh1 Qxe5 20. Re1 Qxf5 21. cxd5 e5 22. Qe2 Bd6 23. Rxa6 Rxa6 24. Qxb5+ Qd7 25. Qxa6 O-O 26. Qe2 Qb7 27. Nc3 Qxb3 28. Ne4 Qb6 29. Qg4 Bc7 30. d6 Bd8 31. Qe6+ Kh8 32. Qxe5 c4 33. g3 Qc6 34. Qc5 Qxc5 35. Nxc5 Bf6 36. d7 Kg8 37. Nb7 Kf7 38. Nd6+ Kg6 39. Re8 1-0

[Event "Battle of Alberta"]
[Site "Red Deer CAN"]
[Date "1997.08.16"]
[Round "1"]
[White "Haessel, Dale"]
[Black "Aspler, Gerald"]
[Result "1-0"]
[WhiteElo "2290"]
[BlackElo "2045"]
[PlyCount "103"]
[GameId "2160767911932179"]
[EventDate "1997.08.16"]
[EventRounds "2"]
[EventCountry "CAN"]

1. e4 c5 2. Nf3 d6 3. d4 cxd4 4. Nxd4 Nf6 5. Nc3 a6 6. Be3 e5 7. Nf3 Be7 8. Bc4 O-O 9. O-O Bg4 10. h3 Bh5 11. a4 Nc6 12. g4 Bg6 13. Nd2 h5 14. g5 Nh7 15. h4 Qc8 16. Kh2 Re8 17. Nd5 Rb8 18. a5 Bd8 19. Nb6 Bxb6 20. Bxb6 Ne7 21. Qf3 Nf8 22. Bb3 Ne6 23. Rfd1 Nc5 24. Nc4 Bxe4 25. Qxh5 Qf5 26. Bxc5 Bf3 27. Qxf7+ Qxf7 28. Nxd6 Qxb3 29. cxb3 Bxd1 30. Nxe8 Bxb3 31. Nd6 Nc6 32. Bb6 Kf8 33. Ra3 Bd5 34. Rd3 Ne7 35. Bc5 Kg8 36. Re3 Nc6 37. b4 g6 38. Kg3 Kg7 39. Rd3 Be6 40. Rf3 Ne7 41. Rf6 Bd5 42. h5 gxh5 43. Kh4 Rh8 44. Nf5+ Nxf5+ 45. Rxf5 Re8 46. Bd6 Kg6 47. Rf6+ Kg7 48. Kxh5 e4 49. Bc5 Be6 50. Bd4 Kg8 51. Rh6 Re7 52. g6 1-0

[Event "Battle of Alberta"]
[Site "Red Deer CAN"]
[Date "1997.08.16"]
[Round "1"]
[White "Huber, Gregory"]
[Black "Gardner, Robert"]
[Result "0-1"]
[WhiteElo "2365"]
[BlackElo "2290"]
[PlyCount "46"]
[GameId "2160767911932180"]
[EventDate "1997.08.16"]
[EventRounds "2"]
[EventCountry "CAN"]

1. e4 c5 2. Nc3 Nc6 3. Nge2 e6 4. d4 cxd4 5. Nxd4 a6 6. Be3 Nf6 7. Nxc6 bxc6 8. e5 Nd5 9. Nxd5 cxd5 10. Bd3 d6 11. exd6 Bxd6 12. Qh5 Qf6 13. c3 g6 14. Qh6 Bf8 15. Qf4 Qxf4 16. Bxf4 Bg7 17. O-O-O O-O 18. Rhe1 Bd7 19. Be5 f6 20. Bd6 Rfc8 21. Kb1 e5 22. Bc2 Rd8 23. Bb3 Bf5+ 0-1

[Event "Battle of Alberta"]
[Site "Red Deer CAN"]
[Date "1997.08.16"]
[Round "1"]
[White "Karmali, Hafiz"]
[Black "Maric, Victor"]
[Result "1/2-1/2"]
[WhiteElo "2025"]
[BlackElo "2270"]
[PlyCount "67"]
[GameId "2160767911932181"]
[EventDate "1997.08.16"]
[EventRounds "2"]
[EventCountry "CAN"]

1. d4 d5 2. c4 c6 3. Nc3 Nf6 4. Nf3 g6 5. Bg5 Bg7 6. e3 O-O 7. Bd3 Nbd7 8. O-O Nb6 9. cxd5 cxd5 10. Rc1 Ne8 11. a4 Be6 12. Bf4 f6 13. Nb5 Bf7 14. Qe2 Nxa4 15. Ra1 Nb6 16. Rxa7 Rxa7 17. Nxa7 Nd6 18. Nd2 e5 19. Bg3 Qe7 20. Nb5 Nxb5 21. Bxb5 Qb4 22. Nf3 e4 23. Nd2 Qxb2 24. Rb1 Qc2 25. Qe1 Rc8 26. Nb3 Bf8 27. Na5 Na4 28. Bxa4 Qxa4 29. Nxb7 Bb4 30. Qe2 Rc2 31. Qd1 Rb2 32. h3 Qxd1+ 33. Rxd1 g5 34. Ra1 1/2-1/2

[Event "Battle of Alberta"]
[Site "Red Deer CAN"]
[Date "1997.08.16"]
[Round "1"]
[White "Kuczaj, Chris"]
[Black "McLean, Nathan"]
[Result "1-0"]
[WhiteElo "2120"]
[BlackElo "1945"]
[PlyCount "57"]
[GameId "2160767911932182"]
[EventDate "1997.08.16"]
[EventRounds "2"]
[EventCountry "CAN"]

1. d4 Nf6 2. Nf3 g6 3. c4 Bg7 4. Nc3 O-O 5. e4 d6 6. Be2 Nbd7 7. O-O b6 8. h3 e5 9. d5 h6 10. Be3 Ne8 11. Qd2 Kh7 12. g4 Nc5 13. b4 Nb7 14. g5 Bxh3 15. gxh6 Bf6 16. Rfd1 g5 17. Bxg5 Rg8 18. Kh2 Bxg5 19. Nxg5+ Rxg5 20. Kxh3 Qf6 21. Bg4 Qxh6+ 22. Kg3 Qg6 23. f3 Nf6 24. Rh1+ Kg7 25. Qh2 Nxg4 26. fxg4 Rxg4+ 27. Kf2 Rf8 28. Rag1 f5 29. Ke1 1-0

[Event "Battle of Alberta"]
[Site "Red Deer CAN"]
[Date "1997.08.16"]
[Round "1"]
[White "Ottosen, David"]
[Black "Ferrar, John"]
[Result "1-0"]
[WhiteElo "2010"]
[BlackElo "2230"]
[PlyCount "121"]
[GameId "2160767911932183"]
[EventDate "1997.08.16"]
[EventRounds "2"]
[EventCountry "CAN"]

1. e4 c5 2. Nf3 Nc6 3. d4 cxd4 4. Nxd4 Nf6 5. Nc3 d6 6. Bg5 e6 7. Qd2 a6 8. O-O-O h6 9. Be3 Bd7 10. f3 Be7 11. Kb1 Qc7 12. g4 Nxd4 13. Bxd4 Bc6 14. Be2 b5 15. a3 O-O-O 16. a4 Qb7 17. a5 Rd7 18. Na2 e5 19. Bc3 d5 20. Bxe5 dxe4 21. Qc3 Nd5 22. Qb3 f6 23. Bg3 Rhd8 24. fxe4 Nc7 25. Rxd7 Rxd7 26. Qg8+ Bd8 27. Nc3 Bxe4 28. Nxe4 Qxe4 29. Re1 Qe8 30. Qxe8 Nxe8 31. Bxb5 axb5 32. Rxe8 Rd1+ 33. Ka2 Rd4 34. Bf2 Ra4+ 35. Kb3 Kd7 36. Rg8 Bxa5 37. Rxg7+ Ke6 38. c3 Bd8 39. Bd4 Be7 40. Rh7 Ra1 41. Rxh6 Kf7 42. Rh5 Rh1 43. Rxb5 Rxh2 44. Bc5 Bxc5 45. Rxc5 Ke6 46. Ka3 Rg2 47. Rc4 f5 48. gxf5+ Kxf5 49. b4 Ke5 50. Ka4 Kd5 51. Rc5+ Kd6 52. Kb5 Rh2 53. Rc6+ Kd7 54. c4 Rh5+ 55. Kb6 Rh4 56. b5 Rh1 57. Rc7+ Kd8 58. Kb7 Rh2 59. c5 Rb2 60. b6 Rh2 61. Rg7 1-0

[Event "Battle of Alberta"]
[Site "Red Deer CAN"]
[Date "1997.08.16"]
[Round "1"]
[White "Wu, Douglas"]
[Black "Walker, Warrick"]
[Result "1/2-1/2"]
[WhiteElo "1973"]
[BlackElo "1970"]
[PlyCount "81"]
[GameId "2160767911932184"]
[EventDate "1997.08.16"]
[EventRounds "2"]
[EventCountry "CAN"]

1. e4 c5 2. Nf3 Nc6 3. d4 cxd4 4. Nxd4 e5 5. Nb5 d6 6. N1c3 a6 7. Na3 Be6 8. Be3 Rc8 9. Be2 b5 10. Nd5 Bxd5 11. exd5 Nb8 12. O-O Nd7 13. c3 Rb8 14. Nc2 a5 15. f4 Ngf6 16. Kh1 Be7 17. fxe5 Nxe5 18. Ne1 O-O 19. Nf3 Nxf3 20. Bxf3 Nd7 21. Be4 Bf6 22. Rf3 g6 23. Bd4 Bxd4 24. Qxd4 f5 25. Bc2 Qf6 26. Qxf6 Rxf6 27. Rff1 Rff8 28. Rfe1 Ne5 29. Rad1 Rfe8 30. Kg1 Kf7 31. h3 Nc4 32. b4 Ne3 33. Rc1 a4 34. Bd3 Nxd5 35. Rxe8 Kxe8 36. a3 Nf4 37. Bf1 d5 38. Rd1 Ke7 39. g3 Nh5 40. Rxd5 Nxg3 41. Bxb5 1/2-1/2

[Event "Battle of Alberta"]
[Site "Red Deer CAN"]
[Date "1997.08.16"]
[Round "1"]
[White "Yearwood, Roy"]
[Black "Wong, Ford"]
[Result "1-0"]
[WhiteElo "2240"]
[BlackElo "2015"]
[PlyCount "51"]
[GameId "2160767911932185"]
[EventDate "1997.08.16"]
[EventRounds "2"]
[EventCountry "CAN"]

1. e4 g6 2. c4 Bg7 3. d4 d6 4. Nc3 Nf6 5. f4 O-O 6. Nf3 c5 7. dxc5 Qa5 8. Bd3 Qxc5 9. Qe2 Nc6 10. a3 a6 11. h3 Nh5 12. Be3 Nd4 13. Qf2 Nxf3+ 14. Qxf3 Qa5 15. Bd2 Rb8 16. Rb1 e6 17. g4 Nf6 18. h4 Qd8 19. h5 d5 20. e5 Ne4 21. Nxe4 dxe4 22. Bxe4 f6 23. hxg6 fxe5 24. Qh3 h6 25. f5 exf5 26. Bd5+ 1-0

[Event "Battle of Alberta"]
[Site "Red Deer CAN"]
[Date "1997.08.16"]
[Round "2"]
[White "Aspler, Gerald"]
[Black "Haessel, Dale"]
[Result "1-0"]
[WhiteElo "2045"]
[BlackElo "2290"]
[PlyCount "128"]
[GameId "2160767911932189"]
[EventDate "1997.08.16"]
[EventRounds "2"]
[EventCountry "CAN"]

1. c4 Nf6 2. Nc3 e6 3. d4 Bb4 4. Nf3 b6 5. g3 Bb7 6. Bg2 c5 7. O-O cxd4 8. Nxd4 Bxg2 9. Kxg2 O-O 10. Bd2 Qc7 11. Qb3 Nc6 12. Nf3 Be7 13. Rac1 Na5 14. Qa4 Qxc4 15. Qd1 Rac8 16. Ne5 Qd4 17. Nf3 Qd6 18. Nb5 Rxc1 19. Qxc1 Qb8 20. Bf4 d6 21. b4 Rc8 22. Qa3 Nc6 23. Rc1 e5 24. Bg5 h6 25. Bxf6 Bxf6 26. Nc3 Ne7 27. Ne4 d5 28. Nxf6+ gxf6 29. Rxc8+ Nxc8 30. Qc1 Kg7 31. Qc6 Ne7 32. Qd7 Kf8 33. Qh3 Kg7 34. Qd7 Kf8 35. Qh3 Ng8 36. Qd7 d4 37. Nh4 Ne7 38. Nf5 Nxf5 39. Qxf5 Ke7 40. Qc2 Qd6 41. a3 Qd7 42. Qe4 Ke6 43. f3 Qd5 44. Qc2 f5 45. Qc1 Qa2 46. Qc6+ Ke7 47. Qc7+ Kf6 48. Qd6+ Qe6 49. Qd8+ Kg7 50. Kf1 Qc6 51. Qe7 Qc1+ 52. Kf2 Qe3+ 53. Kf1 d3 54. exd3 Qxf3+ 55. Kg1 Qe3+ 56. Kg2 f4 57. gxf4 Qxf4 58. Qxa7 Qd2+ 59. Kg1 Qxd3 60. Qxb6 e4 61. Qf2 e3 62. Qe1 Qxa3 63. Qg3+ Kh7 64. Qf4 Kg6 1-0

[Event "Battle of Alberta"]
[Site "Red Deer CAN"]
[Date "1997.08.16"]
[Round "2"]
[White "Gardner, Robert"]
[Black "Huber, Gregory"]
[Result "0-1"]
[WhiteElo "2290"]
[BlackElo "2365"]
[PlyCount "96"]
[GameId "2160767911932191"]
[EventDate "1997.08.16"]
[EventRounds "2"]
[EventCountry "CAN"]

1. e4 c5 2. Nf3 d6 3. d4 cxd4 4. Nxd4 Nf6 5. Nc3 a6 6. Bd3 g6 7. f4 Bg7 8. Nf3 Nc6 9. O-O O-O 10. Qe1 b5 11. Qh4 b4 12. Ne2 Qa5 13. f5 gxf5 14. Ng3 fxe4 15. Nxe4 Nxe4 16. Qxe4 Qc5+ 17. Be3 f5 18. Bc4+ Kh8 19. Qd3 Ne5 20. Bxc5 Nxd3 21. Bd5 Nxc5 22. Bxa8 Be6 23. Ng5 Rxa8 24. Nxe6 Nxe6 25. Rxf5 Bxb2 26. Re1 Bd4+ 27. Kf1 Be5 28. Rf7 Re8 29. g3 Kg8 30. Rf2 Nd4 31. Re4 Rf8 32. Rg4+ Bg7 33. Rxf8+ Kxf8 34. Rf4+ Kg8 35. Rf2 Bh6 36. Ke1 Be3 37. Rg2 e5 38. g4 Nb5 39. Ke2 Bd4 40. Kd3 d5 41. g5 Kg7 42. h4 Kg6 43. Rh2 a5 44. Rh1 Kh5 45. Rf1 Kxh4 46. Rh1+ Kxg5 47. Rxh7 e4+ 48. Kd2 Nc3 0-1

[Event "Battle of Alberta"]
[Site "Red Deer CAN"]
[Date "1997.08.16"]
[Round "2"]
[White "Hughey, Micah"]
[Black "Gomboc, Dave"]
[Result "1/2-1/2"]
[WhiteElo "1925"]
[BlackElo "2100"]
[PlyCount "56"]
[GameId "2160767911932192"]
[EventDate "1997.08.16"]
[EventRounds "2"]
[EventCountry "CAN"]

1. d4 Nf6 2. Nf3 g6 3. Nc3 d5 4. Bf4 c6 5. e3 Bg7 6. h3 O-O 7. Bd3 Nbd7 8. O-O Re8 9. Qd2 Nh5 10. Bh2 e5 11. dxe5 Nxe5 12. Nxe5 Bxe5 13. Bxe5 Rxe5 14. Rad1 f5 15. Be2 Nf6 16. a3 Qe7 17. Rfe1 Bd7 18. Bf3 Rf8 19. Qd4 a6 20. Qb6 Bc8 21. Re2 g5 22. Red2 g4 23. hxg4 fxg4 24. Be2 g3 25. fxg3 Rxe3 26. Bf3 Bg4 27. Rf1 h5 28. Rdf2 Bxf3 1/2-1/2

[Event "Battle of Alberta"]
[Site "Red Deer CAN"]
[Date "1997.08.16"]
[Round "2"]
[White "Maric, Victor"]
[Black "Karmali, Hafiz"]
[Result "1-0"]
[WhiteElo "2270"]
[BlackElo "2025"]
[PlyCount "61"]
[GameId "2160767911932193"]
[EventDate "1997.08.16"]
[EventRounds "2"]
[EventCountry "CAN"]

1. e4 e6 2. d4 d5 3. e5 c5 4. c3 Nc6 5. Nf3 cxd4 6. cxd4 Bb4+ 7. Nc3 Nge7 8. Bd3 Qb6 9. O-O Bd7 10. Na4 Qd8 11. a3 Ba5 12. b4 Bc7 13. Bg5 h6 14. Be3 Nf5 15. Rc1 O-O 16. Nc5 Rb8 17. Qc2 Bb6 18. Qb3 Nce7 19. Bd2 g5 20. h3 Be8 21. Be3 Ng6 22. Nh2 Bxc5 23. Rxc5 b6 24. Rcc1 f6 25. Ng4 fxe5 26. dxe5 Nxe3 27. fxe3 Rxf1+ 28. Rxf1 h5 29. Nf6+ Kh8 30. Nxh5 Nxe5 31. Rf8# 1-0

[Event "Battle of Alberta"]
[Site "Red Deer CAN"]
[Date "1997.08.16"]
[Round "2"]
[White "McLean, Nathan"]
[Black "Kuczaj, Chris"]
[Result "0-1"]
[WhiteElo "1945"]
[BlackElo "2120"]
[PlyCount "80"]
[GameId "2160767911932194"]
[EventDate "1997.08.16"]
[EventRounds "2"]
[EventCountry "CAN"]

1. e4 c5 2. Nf3 e6 3. d4 cxd4 4. Nxd4 Nc6 5. Nc3 d6 6. g3 a6 7. Bg2 Bd7 8. O-O Nf6 9. Kh1 Be7 10. f4 O-O 11. f5 Nxd4 12. Qxd4 exf5 13. exf5 Bc6 14. Bf4 Qc7 15. Rad1 Bxg2+ 16. Kxg2 Qc6+ 17. Kh3 Rfd8 18. g4 d5 19. g5 Bc5 20. Qd2 d4 21. Ne2 Ne4 22. Qd3 g6 23. f6 Qe6+ 24. Kh4 Rd5 25. Ng3 h5 26. h3 Nxf6 27. Rfe1 Qc6 28. Ne4 Nxe4 29. Qxe4 Qd7 30. c4 Rf5 31. a3 a5 32. Re2 Rd8 33. Kg3 Bd6 34. Rf2 Rxg5+ 35. Kh4 Rf5 36. Kg3 Rxf4 37. Rxf4 g5 38. Rg1 Bxf4+ 39. Kf3 Qxh3+ 40. Kf2 Qe3+ 0-1

[Event "Battle of Alberta"]
[Site "Red Deer CAN"]
[Date "1997.08.16"]
[Round "2"]
[White "Milne, Arthur"]
[Black "Dartana, Christiaan"]
[Result "1/2-1/2"]
[WhiteElo "2065"]
[BlackElo "1945"]
[PlyCount "109"]
[GameId "2160767911932195"]
[EventDate "1997.08.16"]
[EventRounds "2"]
[EventCountry "CAN"]

1. c4 Nf6 2. Nf3 g6 3. g3 Bg7 4. Bg2 d6 5. d4 O-O 6. O-O Nbd7 7. Nc3 c6 8. e4 h6 9. h3 Rb8 10. Qe2 e5 11. Be3 Nh5 12. dxe5 Nxe5 13. Bxa7 Ra8 14. Be3 Be6 15. Nxe5 dxe5 16. Bc5 Re8 17. Rfd1 Qc8 18. Kh2 b6 19. Be3 Qc7 20. Rac1 Qb8 21. b3 Kh7 22. Na4 Ra6 23. Rd3 Nf4 24. gxf4 exf4 25. Kg1 fxe3 26. Rxe3 Bd4 27. Rd3 Qf4 28. Rcd1 c5 29. Nc3 Qg5 30. Nb5 Be5 31. a4 Raa8 32. Qf3 Rad8 33. Kf1 Rxd3 34. Rxd3 Rd8 35. Rxd8 Qxd8 36. Ke2 Qg5 37. Kd1 Bb2 38. Ke2 Qc1 39. Qd3 Be5 40. Na7 Qg1 41. Nc6 Qxg2 42. Nxe5 Bxh3 43. Nxf7 Bg4+ 44. Ke1 Qh1+ 45. Kd2 Qd1+ 46. Kc3 Qa1+ 47. Kd2 Qd1+ 48. Kc3 Qa1+ 49. Kd2 Qb2+ 50. Ke3 Qf6 51. Nd6 Qf3+ 52. Kd2 Qxf2+ 53. Kc3 Qf6+ 54. Kc2 Qa1 55. Qd5 1/2-1/2

[Event "Battle of Alberta"]
[Site "Red Deer CAN"]
[Date "1997.08.16"]
[Round "2"]
[White "Quiring, John"]
[Black "Demers, Chris"]
[Result "1/2-1/2"]
[WhiteElo "1995"]
[BlackElo "2210"]
[PlyCount "165"]
[GameId "2160767911932196"]
[EventDate "1997.08.16"]
[EventRounds "2"]
[EventCountry "CAN"]

1. e4 e6 2. d4 d5 3. Nd2 c5 4. c3 cxd4 5. cxd4 Nc6 6. Ngf3 Bb4 7. Bd3 dxe4 8. Bxe4 Nf6 9. Bxc6+ bxc6 10. Qa4 Qb6 11. a3 Be7 12. O-O O-O 13. b4 Ba6 14. Re1 Bb5 15. Qc2 a5 16. bxa5 Rxa5 17. a4 Rfa8 18. Nc4 Bxc4 19. Qxc4 Qa6 20. Qxa6 R5xa6 21. Ne5 c5 22. dxc5 Bxc5 23. Nd3 Bb6 24. Nb2 Nd5 25. Re4 Rc8 26. Rc4 Rxc4 27. Nxc4 Bd4 28. Bb2 Nc3 29. Kf1 Bf6 30. Ra3 Nxa4 31. Bxf6 gxf6 32. Nd6 Nc5 33. Rc3 Ra1+ 34. Ke2 Ra2+ 35. Kf1 Ra6 36. Rxc5 Rxd6 37. Rc2 Kg7 38. g3 Kg6 39. Kg2 f5 40. Rc4 f6 41. Ra4 e5 42. Kf3 Rd3+ 43. Ke2 Rb3 44. Kf1 Kg5 45. Rc4 Rd3 46. Ke2 Rb3 47. Kf1 Rb2 48. Ra4 Rd2 49. Kg2 Rd4 50. Ra3 f4 51. Rb3 e4 52. gxf4+ Kxf4 53. Rh3 Rd7 54. Rh4+ Kf5 55. f3 e3 56. Re4 Rd2+ 57. Kg3 Re2 58. Rf4+ Kg6 59. Rg4+ Kf7 60. Rh4 Re1 61. Rxh7+ Ke6 62. Kf4 e2 63. Ke3 Kf5 64. Kf2 Ra1 65. Kxe2 Ra4 66. Kf2 Kg6 67. Rh8 Kg7 68. Rh3 Ra2+ 69. Kg3 Kg6 70. Rh4 f5 71. Rb4 Rc2 72. h3 Rc1 73. Kf4 Rh1 74. Rb6+ Kg7 75. Kxf5 Rxh3 76. Rb7+ Kg8 77. f4 Rh6 78. Kg5 Ra6 79. f5 Kf8 80. Rh7 Kg8 81. Re7 Kf8 82. f6 Ra1 83. Rb7 1/2-1/2

[Event "Battle of Alberta"]
[Site "Red Deer CAN"]
[Date "1997.08.16"]
[Round "2"]
[White "Ristovic, Nenad"]
[Black "Fullbrook, Nigel"]
[Result "0-1"]
[WhiteElo "2355"]
[BlackElo "2300"]
[PlyCount "82"]
[GameId "2160767911932197"]
[EventDate "1997.08.16"]
[EventRounds "2"]
[EventCountry "CAN"]

1. d4 d5 2. c4 dxc4 3. e3 Nf6 4. Bxc4 e6 5. Nf3 a6 6. O-O Be7 7. Qe2 Nbd7 8. Rd1 b5 9. Bd3 Bb7 10. a4 c6 11. Bd2 O-O 12. Rc1 Qb8 13. Na3 e5 14. dxe5 Nxe5 15. Nxe5 Qxe5 16. Bc3 Qg5 17. Nc2 Rad8 18. f4 Qh6 19. Nd4 g6 20. Nf3 Nd5 21. Bd4 Rfe8 22. Ne5 Nxf4 23. Qf2 Bh4 24. Qxf4 Qxf4 25. exf4 Rxd4 26. axb5 cxb5 27. Rc7 Re7 28. Rac1 Rxf4 29. g3 Rd4 30. Bxb5 Rxe5 31. Rxb7 Rxb5 32. Rxb5 axb5 33. gxh4 Rxh4 34. Rc3 Rd4 35. Rb3 b4 36. Kf2 f5 37. Ke3 Rh4 38. Kd3 Rh3+ 39. Kc4 Rxb3 40. Kxb3 f4 41. Kc4 g5 0-1

[Event "Battle of Alberta"]
[Site "Red Deer CAN"]
[Date "1997.08.16"]
[Round "2"]
[White "South, Robert"]
[Black "Baunok, Zoltan"]
[Result "0-1"]
[WhiteElo "2310"]
[BlackElo "2090"]
[PlyCount "86"]
[GameId "2160767911932198"]
[EventDate "1997.08.16"]
[EventRounds "2"]
[EventCountry "CAN"]

1. d4 Nf6 2. c4 g6 3. Nc3 d5 4. cxd5 Nxd5 5. Nf3 Bg7 6. e4 Nxc3 7. bxc3 c5 8. Bb5+ Bd7 9. Be2 O-O 10. O-O cxd4 11. cxd4 Nc6 12. Be3 Bg4 13. d5 Na5 14. Rc1 a6 15. Rb1 b5 16. a4 Bxf3 17. gxf3 Nc4 18. Bd4 Bxd4 19. Qxd4 e5 20. Qc3 Qg5+ 21. Kh1 Nd2 22. axb5 axb5 23. Bxb5 Nxb1 24. Rxb1 Ra2 25. Rf1 Rb8 26. Bc4 Rab2 27. h3 Rb1 28. Kh2 Rxf1 29. Bxf1 Rb1 30. Qc4 Rb2 31. Qc5 h5 32. Kh1 Rb1 33. Qc4 h4 34. Qa6 Kg7 35. Qc4 Rb2 36. Qc5 Rb3 37. d6 Rb1 38. Qc4 Rd1 39. Qa6 Qf6 40. Qe2 Rxd6 41. Qe3 Rd1 42. Kg2 Qf4 43. Be2 Re1 0-1

[Event "Battle of Alberta"]
[Site "Red Deer CAN"]
[Date "1997.08.16"]
[Round "2"]
[White "Walker, Warrick"]
[Black "Wu, Douglas"]
[Result "0-1"]
[WhiteElo "1970"]
[BlackElo "1973"]
[PlyCount "100"]
[GameId "2160767911932199"]
[EventDate "1997.08.16"]
[EventRounds "2"]
[EventCountry "CAN"]

1. e4 c5 2. d4 cxd4 3. c3 dxc3 4. Nxc3 Nc6 5. Nf3 d6 6. Bc4 e6 7. O-O Nf6 8. Qe2 Be7 9. Rd1 e5 10. Be3 O-O 11. Rac1 Bg4 12. a3 a6 13. b4 b5 14. Bd5 Nxd5 15. Nxd5 Rc8 16. h3 Bh5 17. g4 Bg6 18. Bb6 Qd7 19. Rc2 Rfe8 20. Rdc1 Bf8 21. Nh4 Nd4 22. Bxd4 exd4 23. Nxg6 hxg6 24. Rc7 Rxc7 25. Rxc7 Qe6 26. f3 Qxd5 27. exd5 Rxe2 28. Ra7 d3 29. Kf1 Rh2 30. Ke1 Rxh3 31. Rxa6 Rxf3 32. Ra8 f5 33. g5 f4 34. Kd2 Re3 35. Rb8 Re2+ 36. Kxd3 f3 37. Rc8 Ra2 38. Ke3 Rxa3+ 39. Kf2 Kf7 40. Rb8 Be7 41. Rxb5 Bxg5 42. Rb7+ Kg8 43. Rb8+ Kh7 44. Kg3 Bf4+ 45. Kf2 Be5 46. b5 Bd4+ 47. Kg3 f2+ 48. Kg2 Ra1 49. Rf8 Rg1+ 50. Kh2 Be5+ 0-1

[Event "Battle of Alberta"]
[Site "Red Deer CAN"]
[Date "1997.08.16"]
[Round "2"]
[White "Wong, Ford"]
[Black "Yearwood, Roy"]
[Result "0-1"]
[WhiteElo "2010"]
[BlackElo "2240"]
[PlyCount "86"]
[GameId "2160767911932200"]
[EventDate "1997.08.16"]
[EventRounds "2"]
[EventCountry "CAN"]

1. d4 Nf6 2. c4 e6 3. Nc3 Bb4 4. Bg5 h6 5. Bh4 c5 6. d5 b5 7. e3 bxc4 8. dxe6 fxe6 9. Bxc4 Bb7 10. Nf3 O-O 11. O-O Bxc3 12. bxc3 Qa5 13. Rb1 Be4 14. Bxf6 Rxf6 15. Rb5 Qc7 16. Qb3 Nc6 17. Rxc5 Qd6 18. Rb5 Rxf3 19. gxf3 Bxf3 20. Qc2 Ne5 21. Rxe5 Qxe5 22. Qg6 Be4 23. Qg3 Qxc3 24. Bb3 Rf8 25. h4 Rf6 26. h5 Rf5 27. Qh4 Rg5+ 28. Kh2 Bf3 29. Qf4 Qf6 30. Qxf6 gxf6 31. Rc1 Bd5 32. Rg1 Bxb3 33. axb3 Kf7 34. Rc1 Ke7 35. Rc7 a5 36. Rb7 Rxh5+ 37. Kg3 Rg5+ 38. Kh4 h5 39. f3 Rd5 40. b4 axb4 41. Rxb4 Rd3 42. Kxh5 Rxe3 43. f4 Rg3 0-1

[Event "Beloeil CC-ch"]
[Site "Beloeil CAN"]
[Date "1997.09.28"]
[Round "1"]
[White "Charest, Johanne"]
[Black "Buteau, Louis"]
[Result "1-0"]
[WhiteElo "1889"]
[BlackElo "1184"]
[PlyCount "23"]
[GameId "2160767911931960"]
[EventDate "1997.09.28"]
[EventType "swiss"]
[EventRounds "6"]
[EventCountry "CAN"]

1. e4 e5 2. Nf3 Nc6 3. Bc4 Nf6 4. d4 exd4 5. O-O Bc5 6. e5 Ne4 7. Re1 Ng5 8. Bxg5 Qxg5 9. Nxg5 d6 10. exd6+ Kd8 11. Nxf7+ Kd7 12. Qg4# 1-0

[Event "Beloeil CC-ch"]
[Site "Beloeil CAN"]
[Date "1997.10.10"]
[Round "2"]
[White "Berube, Richard"]
[Black "Charest, Johanne"]
[Result "1-0"]
[WhiteElo "2345"]
[BlackElo "1889"]
[PlyCount "83"]
[GameId "2160767911931961"]
[EventDate "1997.09.28"]
[EventType "swiss"]
[EventRounds "6"]
[EventCountry "CAN"]

1. e4 e5 2. Nf3 Nc6 3. d4 exd4 4. Nxd4 Bc5 5. Be3 Qf6 6. c3 b6 7. Be2 Bb7 8. O-O Nge7 9. Nc2 Bxe3 10. Nxe3 h5 11. f4 O-O-O 12. Qa4 g5 13. Nd5 Qd6 14. Qa3 Qe6 15. Nxe7+ Nxe7 16. Nd2 gxf4 17. Qxa7 Nc6 18. Qa4 Rdg8 19. Rxf4 Qd6 20. Rf2 Qxd2 21. Rd1 Qe3 22. Rd3 Qh6 23. Rd5 Rg6 24. Qd1 Rhg8 25. Bxh5 Rf6 26. Rxf6 Qxf6 27. Rf5 Qg7 28. Qf1 Ne5 29. Bxf7 Nxf7 30. Rxf7 Qh6 31. Qf4 Qxf4 32. Rxf4 Re8 33. g4 Bxe4 34. h4 Bd5 35. h5 Bxa2 36. Kf2 Kd8 37. g5 Rh8 38. h6 Bb1 39. Kg3 Rg8 40. Kh4 Bg6 41. Rf6 Ke7 42. Rxg6 1-0

[Event "Beloeil CC-ch"]
[Site "Beloeil CAN"]
[Date "1997.10.14"]
[Round "2"]
[White "Boulay, David"]
[Black "Schleifer, Michael"]
[Result "0-1"]
[WhiteElo "1945"]
[BlackElo "2335"]
[PlyCount "66"]
[GameId "2160767911931962"]
[EventDate "1997.09.28"]
[EventType "swiss"]
[EventRounds "6"]
[EventCountry "CAN"]
[SourceTitle "Echec+ 1998.03"]

1. e4 c5 2. Nc3 Nc6 3. Nge2 e6 4. d4 cxd4 5. Nxd4 Qc7 6. g3 a6 7. Bg2 d6 8. O-O Bd7 9. b3 Nf6 10. Bb2 Be7 11. Nde2 O-O 12. a4 Nb4 13. Qd2 Rfd8 14. Rac1 Be8 15. Nf4 Rac8 16. Rfd1 h6 17. Bh3 d5 18. exd5 Nfxd5 19. Ncxd5 Nxd5 20. Nxd5 Rxd5 21. Qe2 Rxd1+ 22. Qxd1 Bg5 23. f4 Be7 24. Bg2 Bc5+ 25. Kh1 Bc6 26. c4 Rd8 27. Qe2 Bxg2+ 28. Qxg2 Rd3 29. Bc3 Be3 30. Qe4 Qd7 31. Rc2 Rxc3 32. Rxc3 Qd1+ 33. Kg2 Qd2+ 0-1